|
|
|
|
| LEADER |
00638nab a2200181 i 4500 |
| 001 |
acta52103 |
| 005 |
20250402123741.0 |
| 008 |
180517s1941 hu o 000 hun d |
| 040 |
|
|
|a SZTE Egyetemi Kiadványok Repozitórium
|b hun
|
| 041 |
|
|
|a hun
|
| 245 |
0 |
0 |
|a Rajz
|h [elektronikus dokumentum] :
|b VII. osztály
|
| 260 |
|
|
|c 1941
|
| 300 |
|
|
|a 61-62
|
| 490 |
0 |
|
|a Gyakorlati pedagógia
|v 6 No. 2
|
| 650 |
|
4 |
|a Társadalomtudományok
|
| 650 |
|
4 |
|a Oktatástudomány
|
| 695 |
|
|
|a Rajz tanítása - általános iskola, Óravázlat, Pedagógia - gyakorlati
|
| 856 |
4 |
0 |
|u http://acta.bibl.u-szeged.hu/52103/1/gyakorlati_1941_002_061-062.pdf
|z Dokumentum-elérés
|